Human rights, democracy and governance / (Record no. 38274)

MARC details
000 -LEADER
fixed length control field 00845nam a22002297a 4500
005 - DATE AND TIME OF LATEST TRANSACTION
control field 2010072205365.0
010 ## - LCCN (DPL NO)
LC control number ENG-97360
020 ## - INTERNATIONAL STANDARD BOOK NUMBER
Terms of availability 600.00
International Standard Book Number 9788131729427
035 ## - SYSTEM CONTROL NUMBER
System control number EN-80893
037 ## - SOURCE OF ACQUISITION
Source of stock number/acquisition DBAD/VEN
082 ## - DEWEY DECIMAL CLASSIFICATION NUMBER
Classification number 323
100 ## - MAIN ENTRY--PERSONAL NAME
Personal name Lal, C.K.
245 ## - TITLE STATEMENT
Title Human rights, democracy and governance /
Statement of responsibility, etc by C.K. Lal
260 ## - PUBLICATION, DISTRIBUTION, ETC. (IMPRINT)
Place of publication, distribution, etc Noida
Name of publisher, distributor, etc Dorling Kindersley (India)
Date of publication, distribution, etc 2010
270 ## - ADDRESS
Address 7th Floor, Knowledge Boulevard, A-8 (A), Sector-62,
City Noida
Postal code 201309
300 ## - PHYSICAL DESCRIPTION
Extent xii, 164p
Dimensions 24cm (Hb)
490 ## - SERIES STATEMENT
Series statement Imagine a new South Asia ; edited by John Samuel [and] Rashed Al Mahmud Titumir
-- 3483
500 ## - GENERAL NOTE
General note Includes bibliographical references and index
942 ## - ADDED ENTRY ELEMENTS (KOHA)
Source of classification or shelving scheme Dewey Decimal Classification
Item type English Books
Call number suffix LAL
Classification part 323
Holdings
Withdrawn status Lost status Not for loan Collection code Home library Current library Date acquired Source of acquisition Cost, normal purchase price Full call number Barcode Copy number Cost, replacement price Koha item type
    Not For Loan Non-fiction D.B.Act.Division D.B.Act.Division 30/07/2010 DBAD/VEN 600.00 323 LAL EN-80893 1 600.00 English Books

© Delhi Public Library
Hit Counter
free hit counter